MAASAI MARA UNIVERSITY

LIBRARY CATALOGUE

Contact Us: +254 020 2685356/7 or 0774 057787

Box: 861-20500, NAROK, KENYA

Email: info@mmarau.ac.ke

Dorothy J Whitehead (Record no. 4866)

MARC details
000 -LEADER
fixed length control field 00386nam a2200121Ia 4500
008 - FIXED-LENGTH DATA ELEMENTS--GENERAL INFORMATION
fixed length control field 151015s9999 xx 000 0 und d
050 ## - LIBRARY OF CONGRESS CALL NUMBER
Classification number KF 5635.A29U55 1980
245 ## - TITLE STATEMENT
Title Dorothy J Whitehead
250 ## - EDITION STATEMENT
Edition statement _LAws relating to National Park service supplementary iv
300 ## - PHYSICAL DESCRIPTION
Extent USA Government printing office 1980
650 ## - SUBJECT ADDED ENTRY--TOPICAL TERM
Topical term or geographic name as entry element _National park-laws
700 ## - ADDED ENTRY--PERSONAL NAME
Personal name ^d20130528 10:25:51^oanne

No items available.

© 2016 Maasai Mara University.